Statistiques concernant Paroles de Céline (Hugues Aufray)

Cliquez ici pour prendre le quiz!

Statistiques générales

  • Ce quiz a été pris 55 fois
  • Le résultat moyen est 191 sur 230

Statistiques - réponses

Paroles% Correct
à
100%
a
100%
Ce
100%
Celine,
100%
Céline,
100%
pas
100%
pas,
100%
es
98%
te
98%
tu
98%
Tu
98%
Dis-moi,
96%
Dis-moi
96%
jamais
96%
le
96%
n’a
96%
pour
96%
la
93%
mari
93%
Ne
93%
ne
93%
pensé
93%
De
91%
de
91%
les
91%
marier ?
91%
n’as
91%
Non,
91%
non,
91%
Pourquoi
91%
qui
91%
as,
89%
as
89%
homme
89%
ont
89%
toujours
89%
années
87%
passé
87%
que
87%
Que
87%
sans
87%
seule
87%
toutes
87%
un
87%
beaux
84%
toi
84%
toi ?
84%
Toi
84%
y
84%
yeux
84%
Nous
82%
nous
82%
rougis
82%
heureux
80%
pleure
80%
rendre
80%
aurais
78%
mes
78%
pu
78%
ici
76%
sœurs
76%
je
73%
N'as-tu
73%
n'as-tu
73%
qu’on
73%
revu ?
73%
penser
71%
vivaient
71%
Il
69%
Et
67%
aller ?
64%
devenu
64%
gentil
64%
mère,
64%
abandonner
62%
Est-ce
62%
laissé
62%
l’as
62%
s’en
62%
vécu
62%
notre
60%
fiancé
58%
sommes
56%
aînée
53%
donc
53%
Mais
53%
près
53%
ta
53%
enfants
51%
eus
51%
remplacée
51%
Qu’est-il
49%
autrefois
44%
fus
40%
longtemps
40%
l’oublierais
38%
n’est
38%
savais
38%
d’autrefois
36%
vie
33%
resterons
31%
perdue
24%
restons
2%

Distribution des résultats

Percentile par nombre de réponses

% des personnes avec chaque résultat

Votre développement - résultats

Vous n’avez pas pris ce quiz